3-Word '00s Movies Quiz Stats

Quiz Updated Apr 18, 2016

Also try: 3-Word '90s Movies
Challenge
Share
Tweet
Score 0/24 Timer 03:00
10 Plays Today
% Correct
Kung
98.5%
Million
97%
Bridget
96.7%
V
93.8%
Forgetting
93.5%
School
92.7%
Blades
92.1%
Little
92.1%
Black
91.4%
Lost
90.7%
50
90.4%
Die
89.6%
% Correct
28
88.5%
The
87.6%
Friday
86.3%
Walk
86.2%
Star
85.3%
A
83.2%
Into
78.9%
We
75.5%
Gone
74.5%
Far
74%
The
69.8%
Howl's
60.1%

You're not logged in!

Compare scores with friends on all Sporcle quizzes.
Sign Up with Email
OR
Log In

You Might Also Like...

Show Comments

Extras

Top Quizzes Today


Score Distribution

Your Account Isn't Verified!

In order to create a playlist on Sporcle, you need to verify the email address you used during registration. Go to your Sporcle Settings to finish the process.